| 000 | 02353cam a22003851i 4500 | ||
|---|---|---|---|
| 003 | SA-RiAUC | ||
| 005 | 20260307120846.0 | ||
| 008 | 260224s1950 ua g 000 0 ara c | ||
| 040 |
_aSA-RiKSU _bara _cSA-RiAUC _erda |
||
| 082 | 0 | 4 |
_a235.4 _qSA-RiAUC |
| 090 |
_aم ن 235.4 _bا ب و د |
||
| 100 | 1 |
_aأبو داود، سليمان بن الأشعث بن إسحاق، _d202-275 هجري _eمؤلف. |
|
| 245 | 1 | 0 |
_aرسالة أبي داود السجستاني في وصف تأليفه لكتاب السنن / _cرواية أبو الحسين محمد بن أحمد بن محمد بن جميع ؛ بتقدمة وتعليق محمد زاهد الكوثري. |
| 264 | 1 |
_a[مكان النشر غير محدد] : _b[الناشر غير محدد]، _c[1950] |
|
| 264 | 3 |
_aالقاهرة : _bمطبعة الأنوار |
|
| 300 |
_a19 صفحة ؛ _c29 سم |
||
| 336 |
_aنص _btxt _2rdacontent _3كتاب |
||
| 337 |
_aبدون وسيط _bn _2rdamedia |
||
| 338 |
_aمجلد _bnc _2rdacarrier |
||
| 501 | _aمعه : تعطير الأنفاس بذكر سند ابن أركماس-الإفصاح عن حكم الإكراه في الطلاق والنكاح / بقلم محمد زاهد الكوثري. | ||
| 650 | 7 |
_aالحديث _xسنن أبي داود _2aucsh |
|
| 650 | 7 |
_aالحديث _xالكتب الستة _2aucsh |
|
| 650 | 7 |
_aالحديث _xشرح _2aucsh |
|
| 650 | 7 |
_aالحديث _xالسنن (عدا ما ذكر في الكتب الستة للحديث) _2aucsh |
|
| 650 | 7 |
_aالحديث _xالإسناد الصحيح _2aucsh |
|
| 700 | 1 |
_aابن جميع، محمد بن أحمد بن محمد، _d305-402 هجري _eراوي. |
|
| 700 | 1 |
_aالكوثري، محمد زاهد بن الحسن، _d1879-1952 _eمقدم. |
|
| 700 | 1 | 2 |
_iمع (عمل) : _aالكوثري، محمد زاهد بن الحسن، _d1879-1952. _tتعطير الأنفاس بذكر سند ابن أركماس. |
| 700 | 1 | 2 |
_iمع (عمل) : _aالكوثري، محمد زاهد بن الحسن، _d1879-1952. _tالإفصاح عن حكم الإكراه في الطلاق والنكاح. |
| 740 | 0 | 2 | _aسنن أبي داود. |
| 740 | 0 | 2 | _aتعطير الأنفاس بذكر سند ابن أركماس. |
| 740 | 2 | 2 | _aالإفصاح عن حكم الإكراه في الطلاق والنكاح. |
| 942 |
_2ddc _cRBOOK COPY _n0 |
||
| 949 |
_aSA-JeALM _d260224 _umohamedma123 _n1 |
||
| 999 |
_c14514 _d14514 |
||